Movie Cast Chain Game Quiz Stats

 Plays Quiz Updated Apr 5, 2013

Challenge
Share
Tweet
Embed
Score 0/20 Timer 05:00
0 Plays Today
Actors/Actresses Movie % Correct
Matt Damon & Robin WilliamsGood Will Hunting
82%
Jodie Foster & Anthony HopkinsThe Silence of the Lambs
76%
Dustin Hoffman & Tom CruiseRain Man
75.7%
Alan Rickman & Bruce WillisDie Hard
66%
Tom Cruise & Val KilmerTop Gun
66%
Tom Hanks & Matt DamonSaving Private Ryan
61.5%
Morgan Freeman & Heath LedgerThe Dark Knight
58.2%
Heath Ledger & Mel GibsonThe Patriot
50.8%
Kevin Bacon & Tom HanksApollo 13
49.5%
Bruce Willis & Ben AffleckArmageddon
47.3%
Actors/Actresses Movie % Correct
Mel Gibson & Joe PesciLethal Weapon 2
37.3%
Matthew McConaughey & Jodie FosterContact
31.2%
Robin Williams & Dustin HoffmanHook
30.1%
Martin Short & Tim AllenJungle 2 Jungle
23.9%
Val Kilmer & Kurt RussellTombstone
20.9%
Tim Allen & Alan RickmanGalaxy Quest
20.5%
Ben Affleck & Matthew McConaugheyDazed and Confused
18.7%
Kurt Russell & Martin ShortCaptain Ron
14.6%
Joe Pesci & Kevin BaconJFK
8.6%
Anthony Hopkins & Morgan FreemanAmistad
7.7%

You're not logged in!

Compare scores with friends on all Sporcle quizzes.
Join for Free
OR
Log In

You Might Also Like...

Show Comments

Extras

Top Quizzes Today


Score Distribution

Your Account Isn't Verified!

In order to create a playlist on Sporcle, you need to verify the email address you used during registration. Go to your Sporcle Settings to finish the process.

Report this User

Report this user for behavior that violates our Community Guidelines.

Details: